Gaming Quiz

Random Gaming or Pokémon Quiz
Score 0/13 Timer 01:30
0 Plays Today
Hint Answer % Correct
potion
100%
super potion
90%
hyper potion
90%
antidote
80%
burn heal
80%
max potion
70%
ice heal
70%
awakening
70%
revive
60%
full restore
50%
max revive
50%
full heal
40%
parlyz heal
40%
Remove Ads.
Support Sporcle.
Get the best of Sporcle when you Go Orange. This ad-free experience offers more features, more stats, and more fun while also helping to support Sporcle. Thank you for becoming a member.

You're not logged in!

Compare scores with friends on all Sporcle quizzes.
OR
Log In

Show Comments

Extras

Created Oct 12, 2013ReportNominate
Tags:Pokémon Quiz, Medicine

Top Quizzes Today


Score Distribution

Your Account Isn't Verified!

In order to create a playlist on Sporcle, you need to verify the email address you used during registration. Go to your Sporcle Settings to finish the process.

Report this User

Report this user for behavior that violates our Community Guidelines.

Details: